| 000 | 00724cab a2200253 4500 | ||
|---|---|---|---|
| 001 | WB2819-24 | ||
| 008 | 090401t1992 xxu||||| |||| 00| 0 eng d | ||
| 035 | _a(Sirsi) u7159 | ||
| 041 | _aeng | ||
| 245 | _aHeathrow terminal | ||
| 260 | _c1992 | ||
| 350 | _a0 | ||
| 490 |
_aEvening Standard _v12 May 1992, 14(1) |
||
| 520 | _aThe BAA has announced plans to build a new fifth passenger terminal at Heathrow airport. | ||
| 650 | _aAIRPORTS | ||
| 650 | _aBRITISH AIRPORTS AUTHORITY | ||
| 650 | _aCIVIL AVIATION AUTHORITY | ||
| 650 | _aHEATHROW AIRPORT | ||
| 650 |
_aInfrastructure _96246 |
||
| 690 | _aPROPERTY-PROPERTY DEVELOPMENT | ||
| 690 | _aTRANSPORT AND COMMUNICATIONS | ||
| 942 | _n0 | ||
| 948 | _c04/03/1997 | ||
| 999 |
_c4283 _d4283 |
||